000 00611nam a2200241 a 4500
001 nice12345678
003 IN_TiNIC
005 20260116012949.0
008 050524s1977 bria grp 000 0 eng
020 _a
_c100
082 0 0 _a269.2
_bNEW
100 _aNewbigin, Lesslie
245 _aChristian Witness in a Rural Society.
260 _aBritain
_bBritish Council of Churches and the Conf
_c1977
300 _a26p
500 _aincludes index and biblioraphy
505 2 _aIndex
650 _aEvangelistic Work
700 1 _aNewbigin, Lesslie
902 _bSRS
942 _cBK
999 _c9075
_d9075